Mujeres trabajadoras en América Latina : México, Chile y Brasil /

Obra que analiza las causas estructurales de la creciente incorporación de las mujeres en el sector productivo, a partir de la reflexión sobre el afianzamiento del neoliberalismo, la dinámica de la economía puesta en manos de las trasnacionales, las crisis recurrentes en las economías nacionales, lo...

Descrizione completa

Salvato in:
Dettagli Bibliografici
Autore principale: Balderas Arrieta, Irma (autor)
Natura: Libro
Lingua:spagnolo
Pubblicazione: México : Universidad Obrera de México : Plaza y Valdés, 2006, c2006
Soggetti:
Tags: Aggiungi Tag
Nessun Tag, puoi essere il primo ad aggiungerne!!

MARC

LEADER 00000nam^a2200000^a^4500
001 000188965
005 20250521000000.0
009 20260526130606.487
020 |a 970-722-457-6 
037 |a Acervo ITESO - Biblioteca 
041 |a ESP 
082 |a 331. 40980  |b BAL 
100 |a Balderas Arrieta, Irma  |e (autor) 
245 1 0 |a Mujeres trabajadoras en América Latina :  |b México, Chile y Brasil /  |c I. Balderas Arrieta. 
264 4 |a México :  |b Universidad Obrera de México :  |b Plaza y Valdés,  |c 2006, c2006 
300 |a 205 p. 
336 |a texto  |b txt  |2 rdacontenido 
337 |a sin mediación  |b n  |2 rdamedio 
338 |a volumen  |b nc  |2 rdasoporte 
520 |a Obra que analiza las causas estructurales de la creciente incorporación de las mujeres en el sector productivo, a partir de la reflexión sobre el afianzamiento del neoliberalismo, la dinámica de la economía puesta en manos de las trasnacionales, las crisis recurrentes en las economías nacionales, los nuevos paradigmas de trabajo, la organización del trabajo y las cambiantes leyes laborales en México, Chile y Brasil. 
649 |a XX 
650 |a Mujeres Latinoamericanas -  |x Condiciones Laborales -  |x Tema Principal 
650 |a Obreros Latinoamericanos -  |x Condiciones Laborales 
650 |a Discriminación de Género -  |z Latinoamérica 
650 |a Empleo y Desempleo -  |z Latinoamérica 
650 |a División del Trabajo 
650 |a Mercado de Trabajo -  |z Latinoamérica 
650 |a Trabajo -  |z Latinoamérica -  |x Aspectos Jurídicos 
650 |a Trabajo -  |z Latinoamérica 
650 |a Neoliberalismo -  |z Latinoamérica 
650 |a Crisis Económica -  |z Latinoamérica 
650 |a Economía Laboral -  |z Latinoamérica 
650 |a Economía -  |z Latinoamérica 
650 |a Sociología Laboral 
650 |a Latinoamérica -  |x Condiciones Laborales 
910 |a Fondo General 
920 |a Impresos - Libros 
930 |a Colección General 
905 |a 101 
901 |a 0500131678  |b IT1  |c ACC  |u 20250521 
902 |a https://opac.biblio.iteso.mx/vufind/Record/000188965